00566nam a2200181 u 450000100070000000500170000700800410002403500110006504000130007604100080008908000060009710000420010324501340014526000430027930000140032265000300033665000180036671748920260506092830.0020205s2000 ||||||m| spa  a717489 ccomduadb aspa aT10aJaramillo Ocampo, Nicolás4auteaut10aParticipacion en tamano y forma de los caracteres metricos y su interes en los estudios poblacionales aplicados a los triatominae aMedellín :b[sin publicador],c2000. a125 hojas 7aEnfermedad de Chagas2dcs aMorfometría